[Event "Vaxjo op"]
[Site "Vaxjo"]
[Date "2022.03.04"]
[Round "4"]
[White "Malmqvist, Glenn"]
[Black "Kring, Stephan"]
[Result "0-1"]
[WhiteElo "2160"]
[BlackElo "2098"]
[PlyCount "54"]
[EventDate "2022.03.04"]
[EventType "swiss"]
[EventRounds "8"]
[EventCountry "SWE"]
[SourceTitle "EXT 2024"]
[Source "ChessBase"]
[SourceDate "2023.10.10"]
[SourceVersion "1"]
[SourceVersionDate "2023.10.10"]
[SourceQuality "1"]

1. e4 e5 2. Nf3 Nc6 3. Bc4 Nf6 4. d3 Bc5 5. c3 d6 6. a4 a6 7. 0-0 Bg4 8. Nbd2 0-0 9. h3 Be6 10. Re1 Qd7 11. Bxe6 fxe6 12. Nc4 b5 13. axb5 axb5 14. Rxa8 Rxa8 15. Ne3 b4 16. d4 exd4 17. cxd4 Bb6 18. Nc4 Ba7 19. e5 dxe5 20. Ncxe5 Nxe5 21. Rxe5 Rd8 22. Qb3 Bxd4 23. Rxe6 Kh8 24. Bg5 Bxb2 25. Kh2 Bc3 26. Ne5 Qd5 27. Qc4 Bxe5+ 0-1

[Event "Vaxjo op"]
[Site "Vaxjo"]
[Date "2016.02.21"]
[Round "7"]
[White "Nilsson, Mattias1111"]
[Black "Kring, Stephan"]
[Result "1/2-1/2"]
[WhiteElo "1943"]
[BlackElo "2153"]
[PlyCount "49"]
[EventDate "2016.02.19"]
[EventType "swiss"]
[EventRounds "8"]
[EventCountry "SWE"]
[SourceTitle "CBM 170 Extra"]
[Source "ChessBase"]
[SourceDate "2016.02.25"]
[SourceVersion "1"]
[SourceVersionDate "2016.02.25"]
[SourceQuality "1"]

1. e4 e5 2. Nf3 Nc6 3. Bc4 Nf6 4. d3 Bc5 5. 0-0 d6 6. c3 Bg4 7. b4 Bb6 8. Be3 0-0 9. Bg5 a6 10. Nbd2 h6 11. Bh4 g5 12. Bg3 Nh5 13. Bd5 Ne7 14. Bb3 Nf4 15. Bxf4 gxf4 16. Qc2 Ng6 17. d4 Qf6 18. Qd3 Kg7 19. h3 Be6 20. Rfd1 Nh4 21. Nxh4 Qxh4 22. Nf3 Qf6 23. Kf1 a5 24. Bxe6 fxe6 25. dxe5 1/2-1/2

[Event "Vaxjo op"]
[Site "Vaxjo"]
[Date "2016.02.20"]
[Round "5"]
[White "Dehlin, Gabriel"]
[Black "Kring, Stephan"]
[Result "1-0"]
[WhiteElo "1938"]
[BlackElo "2153"]
[PlyCount "43"]
[EventDate "2016.02.19"]
[EventType "swiss"]
[EventRounds "8"]
[EventCountry "SWE"]
[SourceTitle "CBM 170 Extra"]
[Source "ChessBase"]
[SourceDate "2016.02.25"]
[SourceVersion "1"]
[SourceVersionDate "2016.02.25"]
[SourceQuality "1"]

1. Nf3 Nf6 2. g3 d5 3. d4 Bg4 4. Bg2 e6 5. Ne5 Bh5 6. c4 Nbd7 7. Nc3 c6 8. Qb3 Qb6 9. Qxb6 axb6 10. cxd5 exd5 11. Nd3 b5 12. Nf4 Bg4 13. f3 b4 14. Ncxd5 cxd5 15. fxg4 Nxg4 16. Nxd5 Bd6 17. 0-0 b3 18. a3 0-0 19. e4 Rad8 20. h3 Ngf6 21. Nxf6+ gxf6 22. Rf3 1-0

[Event "Vaxjo op"]
[Site "Vaxjo"]
[Date "2016.02.19"]
[Round "4"]
[White "Kring, Stephan"]
[Black "Hedstrom Crevatin, Leo"]
[Result "1/2-1/2"]
[WhiteElo "2153"]
[BlackElo "1922"]
[PlyCount "76"]
[EventDate "2016.02.19"]
[EventType "swiss"]
[EventRounds "8"]
[EventCountry "SWE"]
[SourceTitle "CBM 170 Extra"]
[Source "ChessBase"]
[SourceDate "2016.02.25"]
[SourceVersion "1"]
[SourceVersionDate "2016.02.25"]
[SourceQuality "1"]

1. d4 d5 2. c4 c6 3. Nc3 Nf6 4. Nf3 e6 5. Bg5 Be7 6. e3 Nbd7 7. Rc1 h6 8. Bh4 0-0 9. Bd3 b6 10. 0-0 Bb7 11. Bb1 c5 12. cxd5 Nxd5 13. Bxe7 Qxe7 14. Qd3 N7f6 15. Ne5 Nxc3 16. bxc3 Be4 17. Qa6 Bxb1 18. Rxb1 Rfc8 19. Rfc1 Nd5 20. e4 Nf6 21. f3 Qd6 22. Qb7 Qc7 23. Qxc7 Rxc7 24. Nd3 Rd8 25. Ne5 cxd4 26. cxd4 Rxc1+ 27. Rxc1 Rxd4 28. Rc8+ Kh7 29. h4 Rd2 30. Nxf7 Rxa2 31. g4 Ra1+ 32. Kg2 Ra2+ 33. Kg3 Ng8 34. g5 Ra1 35. Kf4 Rh1 36. Kg4 Rg1+ 37. Kf4 Rh1 38. Kg4 Rg1+ 1/2-1/2